000 00445aam a2200193 4500
999 _c7023
_d7023
001 8391
003 OSt
005 20180810133534.0
007 tu
008 161220s1973 xxu||||| |||| 00| 0 rus d
024 7 _a8391
_2RID
040 _cOSt
245 _aFrancja
260 _c1973.
_aMoskva :
490 _aEkonomika i politika stran sowremnonnego kapitalizma
700 1 _aRubonskij, Jurij I.
700 1 _aAboltin, Vladimir J.
942 _cB